Estadísticas para Países que empiezan con ''R''.

Haz click aquí para intentar la prueba.

Estadísticas generales

  • Esta prueba ha sido intentada 115 veces
  • La puntuación promedio es 6 de 8

Estadísticas de respuestas

Respuesta% Correcto
Rumanía
98%
Rusia
89%
Ruanda
88%
República Dominicana
76%
República Checa
64%
República Democrática del Congo
63%
Reino Unido
59%
República Centroafricana
47%

Distribución de puntuación

Porcentaje por número respondido

Porcentaje de gente con cada puntuación

Historial de tus puntuaciones

No has intentado esta prueba.